| 000 | 00487nam a2200145Ia 4500 | ||
|---|---|---|---|
| 008 | 170221s9999 xx 000 0 und d | ||
| 100 | _aShahid Ali | ||
| 245 | 3 | _aAn Integrated Conceptual Framework for Proactive Improvement of Safety Culture | |
| 245 | _cShahid Ali, Azmi Mohd Shariff | ||
| 260 | _bInternational Review of Management and Marketing | ||
| 260 | _c2013 | ||
| 300 | _a8 : 1 | ||
| 650 | _xMarketing. | ||
| 856 | _uhttp://www.econjournals.com/index.php/irmm/issue/view/77 | ||
| 999 |
_c313807 _d313807 |
||